Записи Сорокина П. А. лекций по уголовному праву

RUSMARC
00005248nmc2a22003613x 450
00177a30f3c-aa95-4b48-868c-dd3f5d87a514
00520250729145817.0
100##$a20250616l1904 k y0rusy50 ca
1010#$arus
$amul
102##$aRU
105##$ac z |||||
1222#$ad19041231
$ad19211231
2001#$aЗаписи Сорокина П. А. лекций по уголовному праву
$j[19--]
215##$a201 лист
$cпортр.
$d38,8 х 23
251##$cДело
300##$aЗаголовок дела на папке: Записи Сорокина П. А. лекции по уголовному праву
300##$aНа папке дела: б/д
300##$aЧасть текста на иностранных языках
300##$aЛисты: 201 лист, в том числе: литерные №№ I, 189а; 60 - поврежден
300##$aРукописный и типографский текст
330##$aВходит в раздел описи: 1. Личные документы и документальные материалы научной деятельности Сорокина Питирима Александровича
461#0$1001a1ed3e49-10dd-4e8f-a33a-515d296dfaa5
$12001
$aСорокин Питирим Александрович, ученый-социолог, публицист, член партии социалистов-революционеров
$1251
$cФонд
$1852
$j602
462#0$1001fc724b75-58e4-4009-a4db-55a51343ea69
$12001
$aДела постоянного хранения. 1904-1921 г.
$vД. 6
$1251
$cОпись
$1852
$j1
5171#$aЗаписи Сорокина П. А. лекции по уголовному праву
600#1$aСорокин
$bП. А.
605##$3DITM\AF\0000004166
$aРоссия в лицах
$lколлекция
$2acquisition_prlib
605##$3DITM\AF\0000003834
$aНарод
$lколлекция
$2acquisition_prlib
6101#$aЛекции
$aУголовное право
686##$a63.3(2)60.51(0)6ю1
$cИстория
$2rubbk
686##$a60.51(2)ю1
$cСоциальные науки в целом
$2rubbk
801#0$aRU
$bGA_RF
801#1$aRU
$bГлавНИВЦ
$c20250616
$2rusmarc
801#2$aRU
$bПБ им. Б.Н. Ельцина
$c20250729
$gRCR
$2rusmarc
852##$aГА РФ
$j6
937##$d197645233
$hГАРФ
035##$aRuPRLIB51079248
856##$uhttp://readingroom.main.prlib.ru/item.aspx?id_node=n197645233&mode=full
Формат отображения